Loading...

Digital concepts using standards integrated circuits

Bibliographic Details
Main Author: Sandige, Richard S
Format: Printed Book
Language:English
Published: New York McGraw-Hill 1978
Subjects:
LEADER 00935nam a2200253 a 4500
001 adlib96000001
003 ViArRB
005 20151026130806.0
008 960221s1955 dcuabcdjdbkoqu001 0deng d
020
022
040 |a Adlib 
082 |a 621.3.049.77 
245 |a Digital concepts using standards integrated circuits 
250
260 |a New York  |b McGraw-Hill  |c 1978 
300 |a xvii, 508p. 
500 |a   
100 |a Sandige, Richard S 
700
942 |c BK  |6 _ 
653 |a Integrated circuits  |a Electronics  |a Amplifiers- electronics  |a Cybernetics  |a digital electronics  |a Electric conductors  |a Electronic circuits  |a Semiconductors  |a Superconductors  |a Transistors  |a Microelectronics  |a Semiconductor  |a Engineering  |a Technology  |a Integrated circuit technology 
999 |c 13295  |d 13295 
952 |0 0  |1 0  |4 0  |6 621304977_SAN  |7 0  |9 24760  |a UL  |b UL  |d 2010-06-16  |l 1  |o 621.3.049.77 SAN  |p 00016785  |r 2010-11-25  |s 2010-11-10  |w 2010-06-16  |y BK